Les Capitales au nom Imprononçables - Statistiques

Statistiques générales
  • Ce quiz a été pris 45 fois
  • Le résultat moyen est 7 sur 10
Statistiques - réponses
Pays Capitale % Correct
Madagascar Antananarivo
91%
Islande Reykjavik
91%
Cambodge Phnom Penh
74%
Honduras Tegucigalpa
74%
Namibie Windhoek
74%
Brunei Bandar Seri Begawan
65%
Birmanie Naypyidaw
63%
Sri Lanka Sri Jayawardenapura Kotte
56%
Eswatini Mbabane
53%
Îles Marshall Delap-Uliga-Darrit
12%
Aucun quiz correspondant
Distribution des résultats
% des personnes avec chaque résultat
Percentile par nombre de réponses
Votre historique - résultats
Vous n’avez pas pris ce quiz